Az öngondoskodási döntések generációs változásai (egy magyar család példája)

Bibliográfiai részletek
Szerző: Zombori Júlia
További közreműködők: Farkas Dr. habil. Szilveszter
Dokumentumtípus: Diplomadolgozat
Kulcsszavak:öngondoskodás
megtakarítási lehetőségek
pénzügyi kultúra
Online Access:http://dolgozattar.uni-bge.hu/14544

MARC

LEADER 00000nta a2200000 i 4500
001 dolg14544
005 20171218125708.0
008 171218suuuu hu om 000 hun d
040 |a BGE Dolgozattár Repozitórium  |b hun 
041 |a hu 
100 1 |a Zombori Júlia 
245 1 3 |a Az öngondoskodási döntések generációs változásai (egy magyar család példája)  |c Zombori Júlia  |h [elektronikus dokumentum] 
695 |a öngondoskodás 
695 |a megtakarítási lehetőségek 
695 |a pénzügyi kultúra 
700 1 |a Farkas Dr. habil. Szilveszter  |e ths 
856 4 0 |u http://dolgozattar.uni-bge.hu/14544/1/Zombori%20J%C3%BAlia-BA-Szakdolgozat.pdf  |z Dokumentum-elérés